000 00535nam a22001697a 4500
999 _c14972
_d14972
008 200204b ||||| |||| 00| 0 eng d
020 _a978-1-63549-928-5
082 _22019
_aDC 070.19
_bC761
100 _aConley, Earl
_941564
245 _aThe broadcast journalism handbook/
_cEarl Conley
260 _aNew York:
_bLarsen & Keller Education,
_c©2019.
300 _avii, 228 pages:
_billustrations;
_c27 cm.
500 _aIncludes index.
650 _aJournalism.
_941565
651 _aBroadcast Journalism.
_941566
942 _2ddc
_cDC